[Event "TUN-ch U16"]
[Site "Monastir"]
[Date "2021.09.01"]
[Round "1"]
[White "Bourourou, Ahmed"]
[Black "Boulaares, Akram"]
[Result "0-1"]
[WhiteElo "1252"]
[BlackElo "1557"]
[PlyCount "28"]
[EventDate "2021.09.01"]
[EventType "swiss"]
[EventRounds "9"]
[EventCountry "TUN"]
[SourceTitle "EXT 2023"]
[Source "ChessBase"]
[SourceDate "2022.10.05"]
[SourceVersion "1"]
[SourceVersionDate "2022.10.05"]
[SourceQuality "1"]

1. e4 c6 2. d4 d5 3. e5 Bf5 4. h4 h5 5. Bd3 Bxd3 6. Qxd3 e6 7. Be3 Nd7 8. Ne2 Ne7 9. Bg5 Qb6 10. Nbc3 c5 11. Nb5 Nc6 12. a4 a6 13. Nbc3 cxd4 14. Nxd5 Qa5+ 0-1

[Event "TUN-ch U16"]
[Site "Monastir"]
[Date "2021.03.16"]
[Round "4"]
[White "Bourourou, Ahmed"]
[Black "Zenaidi, Mohtadi"]
[Result "1-0"]
[WhiteElo "1172"]
[BlackElo "1062"]
[PlyCount "33"]
[EventDate "2021.03.15"]
[EventType "swiss"]
[EventRounds "9"]
[EventCountry "TUN"]
[SourceTitle "EXT 2022"]
[Source "ChessBase"]
[SourceDate "2021.10.06"]
[SourceVersion "1"]
[SourceVersionDate "2021.10.06"]
[SourceQuality "1"]

1. d4 Nf6 2. Bf4 g6 3. Nf3 Bg7 4. e3 0-0 5. Nbd2 d5 6. Be2 Nc6 7. c3 Bf5 8. Qb3 Rb8 9. h3 Re8 10. 0-0 Nh5 11. Bh2 Nf6 12. Rac1 Ne4 13. Nxe4 Bxe4 14. Nd2 e5 15. Nxe4 dxe4 16. Rfd1 Qe7 17. d5 1-0